[Event "Rated Blitz game"]
[Site "?"]
[Date "2021.04.29"]
[Round "?"]
[White "Masada"]
[Black "Roberto_Baggio1978"]
[Result "1-0"]
[WhiteElo "2459"]
[BlackElo "2531"]
[PlyCount "31"]
[EventDate "2021.??.??"]
[EventType "blitz"]

1. e4 e5 2. Nf3 d5 3. exd5 e4 4. Qe2 Nf6 5. d3 Qxd5 6. dxe4 Nxe4 7. Nbd2 f5 8.
Nxe4 fxe4 9. Ng5 Be7 10. Qxe4 Qxe4+ 11. Nxe4 Bf5 12. Bd3 Nc6 13. Nf6+ Bxf6 14.
Bxf5 O-O 15. O-O Bxb2 16. Be6+ {Normal} 1-0

[Event "Rated Blitz tournament eQ5ltAmr"]
[Site "?"]
[Date "2021.04.29"]
[Round "?"]
[White "lizabombais"]
[Black "khalid_ontawar"]
[Result "0-1"]
[WhiteElo "2627"]
[BlackElo "2326"]
[PlyCount "58"]
[EventDate "2021.??.??"]
[EventType "blitz"]

1. e4 e5 2. Nf3 d5 3. d4 dxe4 4. Nxe5 Be6 5. Nc3 Nf6 6. Bg5 Be7 7. Bxf6 gxf6 8.
Nc4 f5 9. d5 Bd7 10. Qh5 Bf6 11. O-O-O Bxc3 12. bxc3 Qf6 13. Kb2 b5 14. Ne3 b4
15. Bc4 f4 16. Rhf1 fxe3 17. fxe3 Qxc3+ 18. Kb1 Qxc4 19. Qxf7+ Kd8 20. Qf6+ Kc8
21. Qxh8+ Kb7 22. Rf8 Ba4 23. Qb2 Na6 24. Rxa8 Kxa8 25. d6 cxd6 26. Rxd6 Nc5
27. Qh8+ Kb7 28. Qg7+ Kc8 29. Qg8+ Qxg8 {Normal} 0-1

[Event "Rated Blitz game"]
[Site "?"]
[Date "2021.04.29"]
[Round "?"]
[White "lev_Sizov"]
[Black "pasha1984"]
[Result "0-1"]
[WhiteElo "2403"]
[BlackElo "2428"]
[PlyCount "21"]
[EventDate "2021.??.??"]
[EventType "blitz"]

1. e4 e5 2. Nf3 d5 3. Nxe5 dxe4 4. Bc4 Qg5 5. Nxf7 Qxg2 6. Rf1 Bg4 7. f3 Bxf3
8. Be2 Be7 9. d4 Bh4+ 10. Kd2 Kxf7 11. Kc3 {Normal} 0-1

[Event "Rated Blitz game"]
[Site "?"]
[Date "2021.04.29"]
[Round "?"]
[White "B4RBOSAEMANUEL"]
[Black "Roberto_Baggio1978"]
[Result "1-0"]
[WhiteElo "2414"]
[BlackElo "2555"]
[PlyCount "87"]
[EventDate "2021.??.??"]
[EventType "blitz"]

1. e4 e5 2. Nf3 d5 3. d3 dxe4 4. dxe4 Qxd1+ 5. Kxd1 Nc6 6. Be3 Bg4 7. Nbd2
O-O-O 8. c3 Nge7 9. Kc2 f5 10. h3 Bh5 11. exf5 Nxf5 12. g4 Nxe3+ 13. fxe3 Bg6+
14. e4 Be7 15. Bb5 Rhf8 16. Bxc6 bxc6 17. Rhf1 Rf4 18. Nxe5 Bxe4+ 19. Nxe4 Rxe4
20. Rae1 Rxe1 21. Rxe1 Bd6 22. Nxc6 Rf8 23. Nxa7+ Kd7 24. Nb5 Rf2+ 25. Kb3 Bc5
26. Rd1+ Kc6 27. Nd4+ Kb7 28. Rd3 Bb6 29. a4 c5 30. Nf5 g6 31. Nd6+ Kc6 32. Nc4
Bc7 33. Re3 h5 34. Re6+ Kd5 35. Rxg6 h4 36. Rg5+ Ke4 37. Rxc5 Bg3 38. a5 Kf3
39. a6 Kg2 40. a7 Rf8 41. Nb6 Bf2 42. Rc8 Bxb6 43. Rxf8 Bxa7 44. g5 {Normal}
1-0

[Event "Rated Blitz game"]
[Site "?"]
[Date "2021.04.29"]
[Round "?"]
[White "geordie"]
[Black "windking999"]
[Result "0-1"]
[WhiteElo "2440"]
[BlackElo "2291"]
[PlyCount "76"]
[EventDate "2021.??.??"]
[EventType "blitz"]

1. e4 e5 2. Nf3 d5 3. Nxe5 Bd6 4. d4 dxe4 5. Nc3 Bxe5 6. dxe5 Qxd1+ 7. Kxd1 Bf5
8. Nd5 Kd7 9. Bc4 Nc6 10. Bf4 Re8 11. Ne3 Bg6 12. h4 Nxe5 13. h5 Nxc4 14. Nxc4
Bf5 15. Ne5+ Ke7 16. Re1 f6 17. Nc4 Kd7 18. Ne3 Be6 19. c3 Ne7 20. Kc2 Kc8 21.
Rad1 Rd8 22. Rxd8+ Rxd8 23. b3 Rd3 24. Nf1 Nd5 25. Bd2 Bf5 26. Kb2 a5 27. c4
Nb4 28. Bxb4 axb4 29. Re2 Bg4 30. Rxe4 Bxh5 31. Rh4 Bg6 32. Rh3 Rxh3 33. gxh3
Kd7 34. Ne3 Kd6 35. Kc1 Ke5 36. Kd2 Be4 37. Ng4+ Kf4 38. Ke2 Bf3+ {Normal} 0-1

[Event "Rated Blitz tournament YVSZChhB"]
[Site "?"]
[Date "2021.04.29"]
[Round "?"]
[White "maelru"]
[Black "lavilaine"]
[Result "0-1"]
[WhiteElo "2429"]
[BlackElo "2300"]
[PlyCount "142"]
[EventDate "2021.??.??"]
[EventType "blitz"]

1. e4 e5 2. Nf3 d5 3. d3 dxe4 4. dxe4 Qxd1+ 5. Kxd1 Nc6 6. Be3 Bg4 7. Nbd2
O-O-O 8. c3 Nf6 9. Kc2 Bxf3 10. gxf3 b6 11. b4 a5 12. a3 Nd7 13. Nc4 f6 14.
bxa5 Nxa5 15. Nxa5 bxa5 16. Ba6+ Kb8 17. Rab1+ Nb6 18. Bxb6 cxb6 19. Rxb6+ Ka7
20. Rhb1 Bb4 21. Rc6 Rd6 22. Rxd6 Bxd6 23. Bc4 Bxa3 24. Bd5 Bc5 25. Rb7+ Ka6
26. Rxg7 a4 27. Rf7 Rf8 28. Rxh7 Bxf2 29. h4 a3 30. h5 Bc5 31. Kd3 Rd8 32. Kc2
f5 33. Rf7 fxe4 34. fxe4 Rh8 35. Rf6+ Kb5 36. Kb3 Ka5 37. h6 Rb8+ 38. Kc2 Rb2+
39. Kc1 Be3+ 40. Kd1 a2 41. Bxa2 Rxa2 42. Rf5 Bf4 43. Rh5 Rd2+ 44. Ke1 Rd8 45.
h7 Rh8 46. Ke2 Kb5 47. Kd3 Kc5 48. Rh1 Kd6 49. Rh5 Ke6 50. Kc4 Kf6 51. Kb5 Kg6
52. Rh1 Rxh7 53. Rxh7 Kxh7 54. Kc6 Kg6 55. c4 Kg5 56. Kd5 Kf6 57. Kd6 Bd2 58.
c5 Bb4 59. Kd5 Ba3 60. c6 Ke7 61. Kxe5 Bd6+ 62. Kd5 Bc7 63. e5 Kf7 64. Kd4 Ke7
65. Kd5 Bb6 66. e6 Ba5 67. c7 Bxc7 68. Kc6 Bf4 69. Kb7 Be3 70. Kc6 Bf2 71. Kd5
Bg1 {Time forfeit} 0-1

[Event "Rated Blitz game"]
[Site "?"]
[Date "2021.04.29"]
[Round "?"]
[White "liverpool2021"]
[Black "DarthZannah"]
[Result "0-1"]
[WhiteElo "2362"]
[BlackElo "2531"]
[PlyCount "48"]
[EventDate "2021.??.??"]
[EventType "blitz"]

1. e4 e5 2. Nf3 d5 3. d4 dxe4 4. Nxe5 Nd7 5. Bf4 Nxe5 6. Bxe5 Nf6 7. Nc3 Bb4 8.
Bc4 O-O 9. O-O Bf5 10. Re1 Re8 11. a3 Bd6 12. f4 exf3 13. Qxf3 Bxe5 14. dxe5
Qd4+ 15. Kh1 Ng4 16. Bxf7+ Kxf7 17. Qxf5+ Kg8 18. Ne4 Ne3 19. Qf4 Nxc2 20. Rac1
Rf8 21. Qg4 Nxe1 22. Rxe1 Qxe5 23. h3 Kh8 24. Re2 Rf1# {Normal} 0-1

[Event "Rated Blitz game"]
[Site "?"]
[Date "2021.04.29"]
[Round "?"]
[White "Kravtsov_Sergey"]
[Black "annaly1979"]
[Result "1-0"]
[WhiteElo "2416"]
[BlackElo "2457"]
[PlyCount "101"]
[EventDate "2021.??.??"]
[EventType "blitz"]

1. e4 e5 2. Nf3 d5 3. Nxe5 Qe7 4. d4 f6 5. Nd3 Nc6 6. e5 Nxd4 7. Be3 fxe5 8.
Bxd4 exd4+ 9. Be2 Nf6 10. O-O Qf7 11. Ne5 Qe6 12. Re1 Qxe5 13. Bh5+ Kd8 14.
Rxe5 Bd6 15. Re1 Bd7 16. Bf3 c6 17. Qxd4 Kc7 18. Nc3 h5 19. h3 Rhf8 20. Qd2
Rad8 21. Qg5 Rf7 22. Bxh5 Nxh5 23. Qxh5 Rdf8 24. f3 Bg3 25. Re2 Bd6 26. Rae1
Bf5 27. Nd1 g6 28. Qg5 Bd7 29. Re7 Bc5+ 30. Kh1 Bxe7 31. Rxe7 Rxe7 32. Qxe7 Re8
33. Qh4 g5 34. Qf2 d4 35. Kh2 c5 36. b4 b6 37. bxc5 bxc5 38. Nb2 Bb5 39. Qg3+
Kb6 40. Qxg5 Re2 41. Qg6+ Ka5 42. h4 Kb4 43. h5 Kc3 44. Nd3 c4 45. Nf4 Rxc2 46.
Nd5+ Kb2 47. h6 d3 48. h7 d2 49. h8=Q+ Kc1 50. Ne3 Rb2 51. Qc3+ {Normal} 1-0

[Event "Rated Blitz game"]
[Site "?"]
[Date "2021.04.29"]
[Round "?"]
[White "theken"]
[Black "batasjon"]
[Result "0-1"]
[WhiteElo "2513"]
[BlackElo "2386"]
[PlyCount "42"]
[EventDate "2021.??.??"]
[EventType "blitz"]

1. e4 e5 2. Nf3 d5 3. exd5 e4 4. Qe2 Nf6 5. Nc3 Be7 6. Nxe4 O-O 7. d3 Re8 8. c4
Bf5 9. Nxf6+ Bxf6 10. Be3 c6 11. dxc6 Nxc6 12. O-O-O Qa5 13. a3 b5 14. Qd2 b4
15. d4 Qa4 16. Bd3 bxa3 17. bxa3 Rab8 18. Qa2 Nb4 19. Qa1 Nxd3+ 20. Rxd3 Bxd3
21. Ne1 Rb1+ {Normal} 0-1

[Event "Rated Blitz tournament 0mLdXdEM"]
[Site "?"]
[Date "2021.04.29"]
[Round "?"]
[White "yuriy76"]
[Black "viewer94"]
[Result "1-0"]
[WhiteElo "2303"]
[BlackElo "2431"]
[PlyCount "65"]
[EventDate "2021.??.??"]
[EventType "blitz"]

1. e4 e5 2. Nf3 d5 3. exd5 Bd6 4. d4 e4 5. Ne5 Nf6 6. Nc3 O-O 7. Bg5 h6 8. Bh4
c5 9. Bc4 cxd4 10. Qxd4 Re8 11. Nxf7 Kxf7 12. O-O-O Nbd7 13. f3 exf3 14. gxf3
Ne5 15. Rhf1 a6 16. Ne4 Nxe4 17. fxe4+ Kg8 18. Bxd8 Rxd8 19. Rg1 b5 20. Bb3 a5
21. a4 bxa4 22. Bxa4 Rb8 23. Bc6 Bg4 24. Rdf1 Rb4 25. Qa7 Rdb8 26. b3 Rxe4 27.
h3 Ba3+ 28. Kb1 Reb4 29. hxg4 Nd3 30. Qf7+ Kh8 31. g5 Ne5 32. Qe6 Re4 33. gxh6
{Normal} 1-0

[Event "Rated Blitz game"]
[Site "?"]
[Date "2021.04.29"]
[Round "?"]
[White "Kikbotoski"]
[Black "KamranShirazi"]
[Result "0-1"]
[WhiteElo "2360"]
[BlackElo "2508"]
[PlyCount "68"]
[EventDate "2021.??.??"]
[EventType "blitz"]

1. e4 e5 2. Nf3 d5 3. exd5 e4 4. Ne5 Qxd5 5. d4 exd3 6. Nxd3 Bd6 7. Nc3 Qf5 8.
Be3 Nc6 9. Qd2 Be6 10. O-O-O O-O-O 11. h3 Nf6 12. g4 Qa5 13. Kb1 Bb4 14. a3
Bxa3 15. bxa3 Qxa3 16. Bc5 Qa5 17. Kb2 Ne4 18. Nxe4 Qa2+ 19. Kc3 Nd4 20. Qc1
Nf3 21. Qa3 Qc4+ 22. Kb2 Qxe4 23. Bg2 b6 24. Qa6+ Kb8 25. Rhe1 Qc6 26. Nb4 Qxc5
27. Bxf3 Qxb4+ 28. Kc1 Bd5 29. Rxd5 Qxe1+ 30. Kb2 Qb4+ 31. Kc1 Rxd5 32. Bxd5
Qe1+ 33. Kb2 Qe5+ 34. Kb3 Qxd5+ {Time forfeit} 0-1

[Event "Rated Blitz tournament 5le5PmHH"]
[Site "?"]
[Date "2021.04.29"]
[Round "?"]
[White "NoelJanschi"]
[Black "Maltinho"]
[Result "1-0"]
[WhiteElo "2327"]
[BlackElo "2556"]
[PlyCount "105"]
[EventDate "2021.??.??"]
[EventType "blitz"]

1. e4 e5 2. Nf3 d5 3. exd5 Bd6 4. Nc3 Nf6 5. d3 O-O 6. h3 Re8 7. Be2 c6 8. dxc6
bxc6 9. Bg5 h6 10. Bxf6 Qxf6 11. Ne4 Qe7 12. Nxd6 Qxd6 13. Qd2 Nd7 14. O-O Nc5
15. d4 Ne4 16. Qe3 exd4 17. Qxd4 Qxd4 18. Nxd4 c5 19. Nf3 Nd2 20. Rfe1 Ne4 21.
Bd3 f5 22. Rad1 Bb7 23. Bb5 Red8 24. Ne5 a6 25. Bc4+ Kh7 26. Be6 g6 27. g4 Ng5
28. gxf5 gxf5 29. Bxf5+ Kg7 30. h4 Rxd1 31. Rxd1 Kf6 32. hxg5+ Kxf5 33. Nc4
hxg5 34. Nd6+ Kf4 35. Nxb7 Kf3 36. Rd3+ Ke2 37. Nxc5 g4 38. Nb3 Rh8 39. Nd4+
Ke1 40. c4 Rb8 41. b3 Rd8 42. Nc2+ Ke2 43. Rxd8 g3 44. fxg3 Kf3 45. Rd3+ Kg4
46. Kg2 Kh5 47. Kf3 Kg5 48. Rd5+ Kg6 49. Kf4 a5 50. Rxa5 Kh6 51. Ra6+ Kh5 52.
g4+ Kh4 53. Rh6# {Normal} 1-0

[Event "Rated Blitz tournament YVSZChhB"]
[Site "?"]
[Date "2021.04.29"]
[Round "?"]
[White "Kind_Wolf138"]
[Black "lavilaine"]
[Result "1-0"]
[WhiteElo "2414"]
[BlackElo "2331"]
[PlyCount "91"]
[EventDate "2021.??.??"]
[EventType "blitz"]

1. e4 e5 2. Nf3 d5 3. exd5 e4 4. Qe2 f5 5. d3 Nf6 6. dxe4 fxe4 7. Nc3 Bb4 8.
Ng5 O-O 9. Ne6 Qxd5 10. Nxf8 Bxc3+ 11. bxc3 Kxf8 12. Be3 Nc6 13. Qc4 Be6 14.
Qxd5 Nxd5 15. Bd2 Ne5 16. Be2 h6 17. O-O g5 18. Rfd1 Nf4 19. Bf1 Ke7 20. Re1
Rd8 21. Bxf4 gxf4 22. Rxe4 Kf6 23. Rae1 Rd5 24. Rxf4+ Kg5 25. Rfe4 Kf5 26. h3
Bd7 27. g4+ Kf6 28. Rf4+ Kg5 29. Rf8 Bc6 30. Bg2 Rc5 31. Rf5+ Kg6 32. Rexe5
Rxc3 33. Re6+ Kg7 34. Bxc6 bxc6 35. Rff6 Rxc2 36. Rxh6 Rxa2 37. Rxc6 a5 38.
Rhe6 a4 39. Re7+ Kf8 40. Rexc7 Ra1+ 41. Kg2 Rd1 42. Ra7 Rd8 43. Rxa4 Ke8 44.
Ra7 Rb8 45. Rh6 Kf8 46. Rh8# {Normal} 1-0

[Event "Rated Blitz tournament 5le5PmHH"]
[Site "?"]
[Date "2021.04.29"]
[Round "?"]
[White "espinozasgod"]
[Black "Maltinho"]
[Result "1-0"]
[WhiteElo "2491"]
[BlackElo "2574"]
[PlyCount "75"]
[EventDate "2021.??.??"]
[EventType "blitz"]

1. e4 e5 2. Nf3 d5 3. exd5 Bd6 4. d4 e4 5. Nfd2 Nf6 6. c4 O-O 7. Nc3 c6 8. c5
Bf4 9. d6 Bf5 10. Be2 Nbd7 11. Nc4 Bxc1 12. Rxc1 b6 13. b4 a5 14. a3 axb4 15.
axb4 b5 16. Ne3 Bg6 17. d5 cxd5 18. Nexd5 Ne5 19. Ne7+ Kh8 20. O-O Qd7 21. Qd4
Qe6 22. Nxb5 Rfd8 23. Nc7 Qxe7 24. dxe7 Rxd4 25. Nxa8 Nc6 26. Rfd1 h5 27. b5
Rxd1+ 28. Rxd1 Nxe7 29. c6 Nfd5 30. b6 Nf4 31. Bb5 Ned5 32. b7 e3 33. fxe3 Nxe3
34. b8=Q+ Kh7 35. Qxf4 Nxd1 36. Qd4 Nc3 37. Qxc3 h4 38. c7 {Normal} 1-0

[Event "Rated Blitz game"]
[Site "?"]
[Date "2021.04.29"]
[Round "?"]
[White "Kikbotoski"]
[Black "KamranShirazi"]
[Result "1-0"]
[WhiteElo "2353"]
[BlackElo "2515"]
[PlyCount "39"]
[EventDate "2021.??.??"]
[EventType "blitz"]

1. e4 e5 2. Nf3 d5 3. exd5 e4 4. Ne5 Qxd5 5. d4 exd3 6. Nxd3 Bd6 7. Nc3 Qf5 8.
Be3 Nc6 9. Qd2 Be6 10. O-O-O O-O-O 11. h3 Nf6 12. g4 Qa5 13. Bg2 Nb4 14. a3
Nxd3+ 15. cxd3 Bb3 16. Rde1 Bxa3 17. bxa3 Rxd3 18. Qxd3 Qxa3+ 19. Kb1 Qb2+ 20.
Kxb2 {Normal} 1-0

[Event "Rated Blitz game"]
[Site "?"]
[Date "2021.04.29"]
[Round "?"]
[White "lareinedesneiges"]
[Black "batasjon"]
[Result "0-1"]
[WhiteElo "2539"]
[BlackElo "2364"]
[PlyCount "42"]
[EventDate "2021.??.??"]
[EventType "blitz"]

1. e4 e5 2. Nf3 d5 3. Nc3 dxe4 4. Nxe4 f5 5. Nc3 e4 6. Ng1 Nf6 7. d3 Nc6 8. Bg5
Bb4 9. dxe4 Qxd1+ 10. Rxd1 Nxe4 11. Bc4 Nxc3 12. bxc3 Bxc3+ 13. Kf1 h6 14. Bf4
Ba5 15. Nf3 Bd7 16. h4 O-O-O 17. Ne5 Nxe5 18. Bxe5 Rhe8 19. Bxg7 Bb5 20. Rxd8+
Kxd8 21. Bxb5 Re1# {Normal} 0-1

[Event "Rated Blitz game"]
[Site "?"]
[Date "2021.04.29"]
[Round "?"]
[White "balilla"]
[Black "KamranShirazi"]
[Result "0-1"]
[WhiteElo "2462"]
[BlackElo "2507"]
[PlyCount "52"]
[EventDate "2021.??.??"]
[EventType "blitz"]

1. e4 e5 2. Nf3 d5 3. Nxe5 Bd6 4. d4 dxe4 5. Nc4 Be7 6. Be2 f5 7. O-O Nf6 8. f3
Nc6 9. c3 Be6 10. fxe4 Nxe4 11. Bf4 O-O 12. Nbd2 Nf6 13. Nf3 h6 14. Nfe5 Bd6
15. Nxc6 bxc6 16. Ne5 Bd5 17. Bf3 Qe8 18. Qd2 c5 19. dxc5 Bxc5+ 20. Kh1 Rd8 21.
Bxd5+ Rxd5 22. Qe2 Ne4 23. Qc4 Qe6 24. Rad1 Rxe5 25. Qxe6+ Rxe6 26. Bxc7 Nf2+ {
Normal} 0-1

[Event "Rated Blitz game"]
[Site "?"]
[Date "2021.04.29"]
[Round "?"]
[White "Nodal1955"]
[Black "batasjon"]
[Result "1-0"]
[WhiteElo "2413"]
[BlackElo "2364"]
[PlyCount "99"]
[EventDate "2021.??.??"]
[EventType "blitz"]

1. e4 e5 2. Nf3 d5 3. d4 dxe4 4. Nxe5 Bd6 5. Nc4 Nf6 6. Nc3 O-O 7. Bg5 Be7 8.
Be2 Nc6 9. d5 Nxd5 10. Bxe7 Ncxe7 11. Nxe4 Be6 12. Ng5 Bf5 13. O-O Ng6 14. Qd4
c6 15. Ne4 Bxe4 16. Qxe4 Re8 17. Qf3 Qg5 18. Bd3 b5 19. Na5 Ne5 20. Qe4 Nxd3
21. Qxd3 Re6 22. Nxc6 Rxc6 23. Qxb5 Rg6 24. g3 h5 25. Rad1 Nb6 26. Qxg5 Rxg5
27. Rd6 Rc8 28. c3 Re5 29. Rfd1 Re2 30. R6d2 Rce8 31. Kf1 R2e4 32. b3 h4 33.
Rd4 hxg3 34. hxg3 Re2 35. R4d2 R2e6 36. c4 g6 37. a4 Kg7 38. a5 Nc8 39. Rd7 Re2
40. c5 Rb2 41. R7d3 Ree2 42. Rf3 Ne7 43. Rd7 Kf8 44. c6 Rec2 45. c7 f5 46. g4
Rc1+ 47. Kg2 Rc5 48. gxf5 gxf5 49. Re3 Rbc2 50. Rexe7 {Time forfeit} 1-0

[Event "Rated Blitz tournament o8lcZsJw"]
[Site "?"]
[Date "2021.04.29"]
[Round "?"]
[White "spielen_lernen"]
[Black "dr_xStranger"]
[Result "1-0"]
[WhiteElo "2330"]
[BlackElo "2536"]
[PlyCount "89"]
[EventDate "2021.??.??"]
[EventType "blitz"]

1. e4 e5 2. Nf3 d5 3. exd5 e4 4. Qe2 Nf6 5. d3 Bb4+ 6. c3 O-O 7. dxe4 Bc5 8.
Be3 Nxe4 9. Nbd2 Re8 10. Nxe4 Rxe4 11. O-O-O Bxe3+ 12. fxe3 Nd7 13. Qd3 Nf6 14.
Nd2 Re5 15. e4 Qe7 16. Be2 Nxe4 17. Nxe4 Rxe4 18. Bf3 Re3 19. Qd4 Bf5 20. d6
cxd6 21. Qxd6 Qxd6 22. Rxd6 Rae8 23. a4 b6 24. Rhd1 h6 25. Rd8 g5 26. Rxe8+
Rxe8 27. Rd5 Bg6 28. Rd7 a5 29. Rd6 Rb8 30. Bd5 Kg7 31. Kd2 b5 32. axb5 Rxb5
33. b3 a4 34. bxa4 Rb2+ 35. Ke3 f5 36. a5 f4+ 37. Kd4 g4 38. a6 Rd2+ 39. Ke5 f3
40. gxf3 gxf3 41. Bxf3 Ra2 42. Rd7+ Bf7 43. a7 Ra5+ 44. Kd4 Ra4+ 45. Ke3 {
Normal} 1-0

[Event "Rated Blitz game"]
[Site "?"]
[Date "2021.04.29"]
[Round "?"]
[White "Nikkkita"]
[Black "Roberto_Baggio1978"]
[Result "0-1"]
[WhiteElo "2371"]
[BlackElo "2524"]
[PlyCount "62"]
[EventDate "2021.??.??"]
[EventType "blitz"]

1. e4 e5 2. Nf3 d5 3. d4 dxe4 4. Nxe5 Bd6 5. Bc4 Bxe5 6. Qh5 Qe7 7. dxe5 g6 8.
Qe2 Qxe5 9. O-O Nc6 10. Nc3 Nf6 11. Bh6 Bg4 12. Qe3 O-O-O 13. Bxf7 Nd4 14. f3
Nxc2 15. Qxa7 Qd4+ 16. Qxd4 Rxd4 17. fxg4 Nxa1 18. Rxf6 Rhd8 19. Bf4 Nc2 20. h4
e3 21. Bb3 Rd1+ 22. Kh2 R1d2 23. Bxc2 Rxc2 24. Rf7 Rd7 25. Rf8+ Rd8 26. Rf7 Re8
27. Rxc7+ Kd8 28. Rxb7 e2 29. Nxe2 Rexe2 30. Bg5+ Kc8 31. Kg3 Kxb7 {Normal} 0-1

[Event "Rated Blitz game"]
[Site "?"]
[Date "2021.04.29"]
[Round "?"]
[White "simplesimpson03"]
[Black "anjaya01"]
[Result "1-0"]
[WhiteElo "2349"]
[BlackElo "2428"]
[PlyCount "121"]
[EventDate "2021.??.??"]
[EventType "blitz"]

1. e4 e5 2. Nf3 d5 3. exd5 Bd6 4. Nc3 f5 5. d4 e4 6. Ne5 Nf6 7. Bg5 h6 8. Bxf6
Qxf6 9. Qh5+ Kf8 10. Ng6+ Kg8 11. Nxh8 Bd7 12. Ng6 Be8 13. Ne7+ Qxe7 14. Qxf5
Nd7 15. Qe6+ Kf8 16. Qxe7+ Kxe7 17. Nxe4 Nf6 18. Nxf6 Kxf6 19. Bd3 b5 20. O-O
a5 21. Rfe1 Bd7 22. Re3 g5 23. Rae1 a4 24. a3 Rb8 25. Rf3+ Kg7 26. c3 Be8 27.
Re6 Bf7 28. Ref6 Bxd5 29. R3f5 Bc4 30. Bxc4 bxc4 31. Rf7+ Kg8 32. Rd7 Rxb2 33.
g3 Rb3 34. Rf6 Rxa3 35. Rg6+ Kf8 36. Rxh6 Ke8 37. Rg7 Ra1+ 38. Kg2 Kf8 39. Rxg5
a3 40. Ra5 Kg7 41. Rhh5 Rc1 42. Ra4 Rxc3 43. Rha5 Rc2 44. h4 c3 45. h5 Rd2 46.
g4 c2 47. Rc4 a2 48. Rxa2 c1=Q 49. Rxc1 Rxa2 50. Kf3 Rd2 51. Re1 Rxd4 52. Re4
Rxe4 53. Kxe4 Kh6 54. Kf5 Be7 55. f4 c5 56. g5+ Kg7 57. h6+ Kh7 58. Ke5 Kg6 59.
Kd5 Kf5 60. h7 Kxf4 61. h8=Q {Time forfeit} 1-0

[Event "Rated Blitz game"]
[Site "?"]
[Date "2021.04.29"]
[Round "?"]
[White "Megatal"]
[Black "anjaya01"]
[Result "0-1"]
[WhiteElo "2353"]
[BlackElo "2424"]
[PlyCount "62"]
[EventDate "2021.??.??"]
[EventType "blitz"]

1. e4 e5 2. Nf3 d5 3. Nc3 Bd6 4. Nxd5 f5 5. d3 c6 6. Nc3 Nf6 7. exf5 Bxf5 8.
Bg5 O-O 9. Ne4 Bxe4 10. dxe4 Qc7 11. Bc4+ Kh8 12. Qe2 b5 13. Bd3 Nbd7 14. c3
Nc5 15. Bc2 a5 16. O-O Ne6 17. Bxf6 Rxf6 18. g3 Raf8 19. Nh4 g6 20. Rad1 Bc5
21. Kg2 Rxf2+ 22. Rxf2 Rxf2+ 23. Qxf2 Bxf2 24. Kxf2 a4 25. Nf3 Qf7 26. Ke3 Nc5
27. Rd8+ Kg7 28. h4 Qxa2 29. Rc8 Qxb2 30. Rc7+ Kf8 31. Rxc6 Qxc3+ {Normal} 0-1

[Event "Rated Blitz game"]
[Site "?"]
[Date "2021.04.29"]
[Round "?"]
[White "Dubov1bliz"]
[Black "Jomajo"]
[Result "0-1"]
[WhiteElo "2544"]
[BlackElo "2644"]
[PlyCount "44"]
[EventDate "2021.??.??"]
[EventType "blitz"]

1. e4 e5 2. Nf3 d5 3. Nxe5 Bd6 4. d4 dxe4 5. Nc4 Nf6 6. Nc3 h6 7. h3 O-O 8. Be3
Nc6 9. Nxd6 Qxd6 10. Qd2 Ne7 11. O-O-O Ned5 12. Nxd5 Nxd5 13. Kb1 b5 14. g4 b4
15. Be2 Be6 16. g5 hxg5 17. Bxg5 Rab8 18. Rdg1 Nc3+ 19. Ka1 Qd5 20. b3 Qa5 21.
a4 Nxa4 22. c4 Nc3+ {Normal} 0-1

[Event "Rated Rapid game"]
[Site "?"]
[Date "2021.04.29"]
[Round "?"]
[White "Dolphin_2010"]
[Black "ahmedesmail999"]
[Result "0-1"]
[WhiteElo "2603"]
[BlackElo "2410"]
[PlyCount "64"]
[EventDate "2021.??.??"]
[EventType "rapid"]

1. e4 e5 2. Nf3 d5 3. exd5 e4 4. Qe2 Nf6 5. d3 Bb4+ 6. c3 O-O 7. dxe4 Be7 8.
Bg5 Nxd5 9. Bxe7 Nxe7 10. Nbd2 c5 11. g3 Re8 12. Bg2 Nd5 13. O-O Qa5 14. Nb3
Qb6 15. Qc4 Nf6 16. Qxc5 Qe6 17. Nfd4 Qg4 18. f3 Qg6 19. Nb5 Na6 20. Qf2 Be6
21. Nd6 Reb8 22. Nc5 Nxc5 23. Qxc5 Nd7 24. Qe3 a5 25. f4 Bxa2 26. e5 Bb3 27.
Bxb7 Rxb7 28. Nxb7 Bc4 29. Rfd1 Nf8 30. Rxa5 Rb8 31. Rd8 Qb1+ 32. Kg2 Qf1# {
Normal} 0-1

[Event "Rated Blitz game"]
[Site "?"]
[Date "2021.04.29"]
[Round "?"]
[White "Grandstodge"]
[Black "KamranShirazi"]
[Result "0-1"]
[WhiteElo "2430"]
[BlackElo "2489"]
[PlyCount "106"]
[EventDate "2021.??.??"]
[EventType "blitz"]

1. e4 e5 2. Nf3 d5 3. exd5 e4 4. Qe2 Nf6 5. d3 Bb4+ 6. c3 O-O 7. dxe4 Bc5 8.
Bg5 Re8 9. Bxf6 Qxf6 10. Nbd2 c6 11. dxc6 Nxc6 12. O-O-O Bg4 13. h3 Bxf3 14.
Nxf3 Qf4+ 15. Kb1 Rxe4 16. Qc2 g6 17. Bd3 Re7 18. Rhe1 Rae8 19. Rxe7 Rxe7 20.
Bb5 Ne5 21. Nxe5 Rxe5 22. f3 a5 23. a4 Qg3 24. Ka2 Kg7 25. Rd2 Re1 26. Re2 Rg1
27. Bc4 Qf4 28. Bb3 b6 29. Qd2 Qf6 30. Qd5 h5 31. g4 hxg4 32. hxg4 Rg3 33. g5
Qf4 34. Qe5+ Qxe5 35. Rxe5 Rxf3 36. Rd5 Rf2 37. Kb1 Be7 38. Rb5 Bc5 39. Bc4 Rf4
40. Bb3 Rg4 41. Bc2 Rxg5 42. b4 axb4 43. cxb4 Rg1+ 44. Ka2 Bd4 45. Kb3 Ra1 46.
Kc4 Be3 47. Bb3 Rc1+ 48. Kd3 Bf2 49. Rd5 Be1 50. Rd7 Bxb4 51. Rxf7+ Kh6 52. Rb7
Bc5 53. Bc4 Rd1+ {Time forfeit} 0-1

[Event "Rated Blitz game"]
[Site "?"]
[Date "2021.04.29"]
[Round "?"]
[White "alphanegative"]
[Black "pasha1984"]
[Result "0-1"]
[WhiteElo "2441"]
[BlackElo "2434"]
[PlyCount "40"]
[EventDate "2021.??.??"]
[EventType "blitz"]

1. e4 e5 2. Nf3 d5 3. d4 dxe4 4. Nxe5 Bd6 5. Nc3 Bxe5 6. dxe5 Qxd1+ 7. Kxd1 Nc6
8. Bb5 Bg4+ 9. Ke1 Nge7 10. Nxe4 O-O-O 11. Bf4 Nd4 12. Bd3 Ng6 13. Bg3 h5 14.
h3 Bf5 15. f4 f6 16. Kf2 fxe5 17. fxe5 Rhf8 18. Kg1 h4 19. Bh2 Bxe4 20. Bxe4
Ne2# {Normal} 0-1

[Event "Rated Blitz game"]
[Site "?"]
[Date "2021.04.29"]
[Round "?"]
[White "Takacsbl"]
[Black "eslamimahdi"]
[Result "1-0"]
[WhiteElo "2524"]
[BlackElo "2359"]
[PlyCount "75"]
[EventDate "2021.??.??"]
[EventType "blitz"]

1. e4 e5 2. Nf3 d5 3. exd5 e4 4. Qe2 Nf6 5. d3 Qxd5 6. Nfd2 Nc6 7. Nc3 Qe5 8.
Ndxe4 Bb4 9. Nxf6+ gxf6 10. Bf4 Qxe2+ 11. Bxe2 Nd4 12. Bd1 Ne6 13. Bd2 Rg8 14.
O-O Bd7 15. Re1 O-O-O 16. a3 Bd6 17. Ne4 Be5 18. Bc3 Bc6 19. Bxe5 fxe5 20. g3
Nd4 21. c3 Ne6 22. Nf6 Rg6 23. Ng4 f6 24. Ne3 Nc5 25. Bg4+ Kb8 26. Rad1 Ba4 27.
Rd2 Nb3 28. Rde2 Nc5 29. Bf5 Rg5 30. h4 Rg7 31. d4 exd4 32. cxd4 Rxd4 33. Nd5
a6 34. Nxf6 Rxh4 35. Re7 Bc6 36. f3 Rxe7 37. Rxe7 Bxf3 38. gxh4 {Time forfeit}
1-0

[Event "Rated Blitz tournament pPaLdu4i"]
[Site "?"]
[Date "2021.04.29"]
[Round "?"]
[White "octo_dami"]
[Black "om_gendut"]
[Result "1/2-1/2"]
[WhiteElo "2327"]
[BlackElo "2473"]
[PlyCount "90"]
[EventDate "2021.??.??"]
[EventType "blitz"]

1. e4 e5 2. Nf3 d5 3. exd5 e4 4. Qe2 Be7 5. Nd4 Qxd5 6. Nb5 Qd8 7. N1c3 Nf6 8.
d4 exd3 9. Qxd3 Qxd3 10. Bxd3 Na6 11. Bf4 c6 12. Nd6+ Kf8 13. Bxa6 bxa6 14.
O-O-O Be6 15. h3 Nd5 16. Nxd5 cxd5 17. g4 g5 18. Be5 f6 19. Bg3 Bxd6 20. Bxd6+
Kf7 21. Bc5 h5 22. f3 Rac8 23. Bd4 Rc4 24. c3 hxg4 25. fxg4 Rc6 26. Bxa7 Kg6
27. Bd4 Rh4 28. Rdf1 f5 29. Kd2 Bc8 30. gxf5+ Bxf5 31. Re1 Rxh3 32. Rxh3 Bxh3
33. Re5 Rd6 34. Be3 Bf5 35. Bc5 Rd7 36. Ke3 Kf6 37. Bd4 Kg6 38. b4 Rd6 39. Kf2
Be4 40. Kg3 Rf6 41. a4 Rf3+ 42. Kg4 Rf4+ 43. Kg3 Rf3+ 44. Kg4 Rf4+ 45. Kg3 Rf3+
{Normal} 1/2-1/2